00382nam a2200145Ia 4500008004100000020001800041041000800059082001500067100001700082245007500099260002000174300000800194365001700202700001700219230718s9999 xx 000 0 und d a9780521122931 aeng a006.3bNIL aNilsson N.J. aQuest For Artificial IntelligencebA History Of Ideas And Achievements c2010bCambridge a562 cRs.b1916.00 aNilsson N.J.